Memmingen Airport Destinations (Memmingen, Germany) - Statistics

General Stats
  • This quiz has been taken 75 times
    42 since last reset
  • The average score is 46 of 65
Answer Stats
Airline Destination % Correct
Wizz Air Bucharest (Otopeni)
100%
Ryanair/Wizz Air Sofia
96%
Wizz Air Cluj-Napoca
87%
Aegean Airlines Heraklion
87%
Wizz Air Iasi
87%
Ryanair London (Stansted)
87%
Ryanair Manchester
87%
Ryanair Naples
87%
Ryanair Porto
87%
Aegean Airlines/Ryanair Rhodes
87%
Ryanair Rome (Fiumicino)
87%
Wizz Air Budapest
83%
Wizz Air Chisinau
83%
Ryanair Krakow
83%
Ryanair Palma de Mallorca
83%
Wizz Air Tirana
83%
Wizz Air Varna
83%
Ryanair Zagreb
83%
Ryanair Alicante
78%
Wizz Air Belgrade
78%
Wizz Air Catania
78%
Ryanair Corfu
78%
Ryanair Dublin
78%
Ryanair Faro
78%
Ryanair Faro
78%
Ryanair Fuerteventura
78%
Ryanair Fuerteventura
78%
Ryanair Lanzarote
78%
Ryanair Palermo
78%
Ryanair Riga
78%
Ryanair Sarajevo
78%
Ryanair Tenerife (South)
78%
Ryanair Valencia
78%
Ryanair Zadar
78%
Ryanair Chania
74%
Ryanair Dubrovnik
74%
Ryanair Gran Canaria
74%
Ryanair Malaga
74%
Ryanair Malta
74%
Wizz Air Podgorica
74%
GP Aviation/Trade Air/Wizz Air Pristina
74%
Wizz Air Timisoara
74%
Ryanair Brindisi
70%
Ryanair Thessaloniki
70%
Ryanair Alghero
65%
Wizz Air Nis
65%
Ryanair Paphos
65%
Ryanair Pisa
65%
Ryanair Pula
65%
Ryanair Girona
61%
Ryanair Lamezia Terme
61%
Wizz Air Ohrid
61%
Wizz Air Skopje
61%
Wizz Air Craiova
57%
Ryanair Banja Luka
52%
Wizz Air Sibiu
52%
Wizz Air Suceava
52%
Ryanair Amman (Queen Alia)
48%
Wizz Air Kutaisi
48%
Wizz Air Tuzla
48%
Ryanair Tel Aviv
39%
Ryanair Pescara
30%
Ryanair Tangier
30%
Avanti Air Calvi
22%
Ryanair Santiago de Compostela
22%
No matching quizzes found
Score Distribution
Percent of People with Each Score
Percentile by Number Answered
Your Score History
You have not taken this quiz since the last reset